Foundations of community health nursing : (Record no. 739)

000 -LEADER
fixed length control field 01250nam a22003617a 4500
001 - CONTROL NUMBER
control field 12384668
003 - CONTROL NUMBER IDENTIFIER
control field OSt
005 - DATE AND TIME OF LATEST TRANSACTION
control field 20210421084611.0
008 - FIXED-LENGTH DATA ELEMENTS--GENERAL INFORMATION
fixed length control field 010419s2002 moua b 001 0 eng
010 ## - LIBRARY OF CONGRESS CONTROL NUMBER
LC control number 2001031476
020 ## - INTERNATIONAL STANDARD BOOK NUMBER
International Standard Book Number 0323008615
035 ## - SYSTEM CONTROL NUMBER
System control number (DNLM)101094120
040 ## - CATALOGING SOURCE
Original cataloging agency DNLM/DLC
Transcribing agency DLC
Modifying agency DLC
042 ## - AUTHENTICATION CODE
Authentication code pcc
050 00 - LIBRARY OF CONGRESS CALL NUMBER
Classification number RT98
Item number .S78197 2002
060 10 - NATIONAL LIBRARY OF MEDICINE CALL NUMBER
Classification number WY 106
Item number S786f 2002
080 ## - UNIVERSAL DECIMAL CLASSIFICATION NUMBER
Universal Decimal Classification number 614
Item number S-81
082 00 - DEWEY DECIMAL CLASSIFICATION NUMBER
Classification number 610.73/43
Edition number 21
100 1# - MAIN ENTRY--PERSONAL NAME
Personal name Stanhope, Marcia.
245 10 - TITLE STATEMENT
Title Foundations of community health nursing :
Remainder of title community-oriented practice /
Statement of responsibility, etc. Marcia Stanhope, Jeanette Lancaster.
260 ## - PUBLICATION, DISTRIBUTION, ETC.
Place of publication, distribution, etc. St. Louis, Mo. :
Name of publisher, distributor, etc. Mosby,
Date of publication, distribution, etc. c2002.
300 ## - PHYSICAL DESCRIPTION
Extent xv, 671 p. :
Other physical details ill. ;
Dimensions 28 cm.
504 ## - BIBLIOGRAPHY, ETC. NOTE
Bibliography, etc. note Includes bibliographical references and index.
650 #0 - SUBJECT ADDED ENTRY--TOPICAL TERM
Topical term or geographic name entry element Community health nursing.
650 12 - SUBJECT ADDED ENTRY--TOPICAL TERM
Topical term or geographic name entry element Community Health Nursing.
650 22 - SUBJECT ADDED ENTRY--TOPICAL TERM
Topical term or geographic name entry element Community Health Services.
653 ## - INDEX TERM--UNCONTROLLED
Uncontrolled term ჯანდაცვა
700 1# - ADDED ENTRY--PERSONAL NAME
Personal name Lancaster, Jeanette.
906 ## - LOCAL DATA ELEMENT F, LDF (RLIN)
a 7
b cbc
c orignew
d 1
e ocip
f 20
g y-gencatlg
942 ## - ADDED ENTRY ELEMENTS (KOHA)
Source of classification or shelving scheme
Koha item type Books
Holdings
Withdrawn status Lost status Source of classification or shelving scheme Damaged status Not for loan Permanent location Current location Date acquired Inventory number Total Checkouts Full call number Barcode Date last seen Price effective from Koha item type
          Ken Walker International University Ken Walker International University 12/21/2020 2157   614 S-81 2157 12/21/2020 12/21/2020 Books

Powered by Koha